| 000 | 00819nam a2200205Ii 4500 | ||
|---|---|---|---|
| 003 | JO-AjNU | ||
| 008 | 230605s9999||||xx |||||||||||||| ||und|| | ||
| 020 | _a9957-04-269-6 | ||
| 040 |
_aJO-AjNU _bara _erda _cJO-AjNU |
||
| 041 | _aara | ||
| 050 | 1 | 4 | _aPJ8390.M87 M8788 2004 |
| 100 | 3 |
_aالمصطفى، محمد الحسن ولد محمد, _eauthor _924007 |
|
| 245 | 0 | 0 | _aالشعر العربي الحديث في موريتانيا: دراسة في تطور البناء الفني والدلالي 1960-1995 |
| 264 | 3 | 1 | _aالشارقة: دائرة الثقافة والاعلام، 2004 |
| 300 | _a288ص | ||
| 336 |
_atext _btxt _2rdacontent |
||
| 337 |
_aunmediated _bn _2rdamedia |
||
| 338 |
_avolume _bnc _2rdacarrier |
||
| 650 | 4 |
_aالشعر العربي الحديث - موريتانيا - 1960-1995 _924008 |
|
| 999 |
_aA8774 _c12342 _d12342 |
||